[Event "Bayern-chI Bank Hofmann 26th"]
[Site "Tegernsee"]
[Date "2023.11.05"]
[Round "9"]
[White "Butenandt, Svenja"]
[Black "Dobrocmyslov, Artem"]
[Result "1/2-1/2"]
[WhiteElo "2082"]
[BlackElo "2316"]
[PlyCount "89"]
[EventDate "2023.10.28"]
[EventType "swiss"]
[EventRounds "9"]
[EventCountry "GER"]
[SourceTitle "Mega2024 Update 01"]
[Source "Chessbase"]
[SourceDate "2023.11.12"]
[SourceVersion "1"]
[SourceVersionDate "2023.11.12"]
[SourceQuality "1"]

1. d4 d5 2. c4 dxc4 3. e4 b5 4. a4 c6 5. axb5 cxb5 6. Nc3 Qb6 7. b3 e6 8. bxc4 Bb4 9. Bd2 bxc4 10. Bxc4 Ne7 11. Nf3 Bb7 12. Qe2 0-0 13. 0-0 a5 14. Na4 Qc6 15. Bd3 Ba6 16. Rfc1 Bxd3 17. Qxd3 Qa6 18. Qxa6 Rxa6 19. Nc5 Rb6 20. Bf4 Rb5 21. Bd6 Nbc6 22. Ne5 Rd8 23. Bc7 Rc8 24. Nxc6 Nxc6 25. Na6 Nxd4 26. Rd1 Nb3 27. Rab1 Nc5 28. Nxc5 Rxc5 29. Bd6 Rc4 30. Bxb4 axb4 31. f3 g5 32. Kf2 Rc2+ 33. Kg3 R8c4 34. Rd8+ Kg7 35. Rb8 Re2 36. R8xb4 Rcc2 37. Rg1 Kg6 38. Rbb1 h5 39. Rbe1 h4+ 40. Kh3 Rf2 41. Ref1 f5 42. Rxf2 Rxf2 43. exf5+ exf5 44. Ra1 Kh5 45. Ra5 1/2-1/2

[Event "Bayern-chI Bank Hofmann 26th"]
[Site "Tegernsee"]
[Date "2023.10.31"]
[Round "4"]
[White "Dobrocmyslov, Artem"]
[Black "Weishaeutel, Moritz"]
[Result "0-1"]
[WhiteElo "2316"]
[BlackElo "2403"]
[PlyCount "100"]
[EventDate "2023.10.28"]
[EventType "swiss"]
[EventRounds "9"]
[EventCountry "GER"]
[SourceTitle "Mega2024 Update 01"]
[Source "Chessbase"]
[SourceDate "2023.11.12"]
[SourceVersion "1"]
[SourceVersionDate "2023.11.12"]
[SourceQuality "1"]

1. c4 e6 2. Nc3 d5 3. d4 c5 4. cxd5 cxd4 5. Qa4+ Bd7 6. Qxd4 exd5 7. Qxd5 Nf6 8. Qd1 Bc5 9. e3 0-0 10. Be2 Qe7 11. Nf3 Rd8 12. Bd2 Nc6 13. 0-0 Ne5 14. Qc2 Rac8 15. Rad1 b5 16. Qb1 b4 17. Ne4 Bf5 18. Nxf6+ Qxf6 19. e4 Bg4 20. Be3 Nxf3+ 21. Bxf3 Bxf3 22. gxf3 Bd6 23. Rd5 Re8 24. Qd1 Bc7 25. Kh1 Qh4 26. f4 Bxf4 27. Rh5 Qe7 28. Qf3 Qxe4 29. Qxe4 Rxe4 30. Bxa7 g5 31. h4 Ra8 32. Be3 Rxa2 33. Bxf4 gxf4 34. Rg1+ Kf8 35. Rxh7 Rxb2 36. Rgg7 Rxf2 37. Rxf7+ Ke8 38. Rfg7 Re1+ 39. Rg1 Rxg1+ 40. Kxg1 Rb2 41. h5 b3 42. h6 Kf8 43. Rg7 f3 44. Kf1 Rb1+ 45. Kf2 b2 46. Rg3 Rh1 47. h7 b1Q 48. Rg8+ Kf7 49. h8Q Rxh8 50. Rxh8 Qb2+ 0-1

[Event "Munich Laimer op 2nd"]
[Site "Munich"]
[Date "2023.05.29"]
[Round "6"]
[White "Dobrocmyslov, Artem"]
[Black "Rottenwohrer Suarez, Juan"]
[Result "1-0"]
[WhiteElo "2288"]
[BlackElo "2265"]
[PlyCount "75"]
[EventDate "2023.05.26"]
[EventType "swiss"]
[EventRounds "9"]
[EventCountry "GER"]
[SourceTitle "CBM 214 Extra"]
[Source "ChessBase"]
[SourceDate "2023.07.31"]
[SourceVersion "1"]
[SourceVersionDate "2023.07.31"]
[SourceQuality "1"]

1. d4 Nf6 2. c4 e6 3. Nc3 Bb4 4. Qc2 d5 5. cxd5 exd5 6. Bg5 h6 7. Bh4 Nc6 8. e3 g5 9. Bg3 h5 10. Bd3 Qe7 11. 0-0-0 h4 12. Be5 Nxe5 13. dxe5 Bxc3 14. Qxc3 Ng4 15. Bb5+ c6 16. Bxc6+ Kf8 17. e6 f6 18. Bxd5 Bxe6 19. Bxe6 Qxe6 20. Qb4+ Kg7 21. Nh3 a5 22. Qxb7+ Kh6 23. Qd5 Qb6 24. Kb1 Rhd8 25. Qb3 Qc6 26. Rxd8 Rxd8 27. f3 a4 28. Qa3 Rc8 29. Qd3 Ne5 30. Qe4 Qb6 31. Nxg5 fxg5 32. Qxe5 Qc6 33. Qe4 Qc5 34. Qxa4 Rc6 35. a3 Rb6 36. Qd4 Qf5+ 37. e4 Qb5 38. Rc1 1-0

[Event "Munich Laimer op 2nd"]
[Site "Munich"]
[Date "2023.05.27"]
[Round "3"]
[White "Dobrocmyslov, Artem"]
[Black "Koellner, Ruben Gideon"]
[Result "1/2-1/2"]
[WhiteElo "2288"]
[BlackElo "2426"]
[PlyCount "92"]
[EventDate "2023.05.26"]
[EventType "swiss"]
[EventRounds "9"]
[EventCountry "GER"]
[SourceTitle "CBM 214 Extra"]
[Source "ChessBase"]
[SourceDate "2023.07.31"]
[SourceVersion "1"]
[SourceVersionDate "2023.07.31"]
[SourceQuality "1"]

1. d4 d5 2. c4 e6 3. Nc3 Nf6 4. Nf3 Be7 5. Bf4 0-0 6. e3 b6 7. Bd3 Ba6 8. cxd5 Nxd5 9. Nxd5 Qxd5 10. Bxc7 Qa5+ 11. Kf1 Bxd3+ 12. Qxd3 Na6 13. Bg3 Nb4 14. Qb3 Rfc8 15. h3 Rc2 16. Kg1 Rac8 17. Kh2 Qa6 18. Rhd1 Qe2 19. Rab1 Nd5 20. Ne1 R2c4 21. Qd3 Qh5 22. Nf3 Rc2 23. a3 f5 24. Kg1 Nf6 25. Bh4 h6 26. Bxf6 Bxf6 27. Qb3 Qf7 28. Ne5 Bxe5 29. dxe5 R2c5 30. f4 Qg6 31. Rd6 Rc4 32. Rbd1 Kh7 33. R1d4 Rc2 34. Rd2 R2c4 35. R2d4 Rc2 36. Rd2 R2c4 37. Kh2 h5 38. g3 h4 39. gxh4 Rc1 40. Rg2 Qxg2+ 41. Kxg2 R8c2+ 42. Qxc2 Rxc2+ 43. Kf3 Rxb2 44. Rxe6 Rb3 45. Re8 Rxa3 46. e6 Kg6 1/2-1/2

[Event "Baden Baden op"]
[Site "Baden-Baden"]
[Date "2023.02.20"]
[Round "7"]
[White "Dobrocmyslov, Artem"]
[Black "Georg, Heinz"]
[Result "1-0"]
[WhiteElo "2281"]
[BlackElo "2167"]
[PlyCount "55"]
[EventDate "2023.02.17"]
[EventType "swiss"]
[EventRounds "9"]
[EventCountry "GER"]
[SourceTitle "CBM 212 Extra"]
[Source "ChessBase"]
[SourceDate "2023.03.31"]
[SourceVersion "1"]
[SourceVersionDate "2023.03.31"]
[SourceQuality "1"]

1. Nf3 f5 2. d3 d6 3. e4 e5 4. Nc3 Nf6 5. exf5 Bxf5 6. d4 e4 7. Nh4 Qd7 8. Bg5 Be7 9. Bc4 c6 10. d5 Nxd5 11. Bxd5 Bxg5 12. Qh5+ g6 13. Qxg5 h6 14. Qf4 cxd5 15. Nxd5 Rf8 16. Qxh6 Qf7 17. 0-0-0 Na6 18. Qg5 Rc8 19. g4 Be6 20. Nxg6 Bxd5 21. Rxd5 Rxc2+ 22. Kxc2 Nb4+ 23. Kb1 Nxd5 24. Nxf8 Nb4 25. Qb5+ Nc6 26. Nh7 Qxh7 27. Qh5+ Qxh5 28. gxh5 1-0

[Event "Baden Baden op"]
[Site "Baden-Baden"]
[Date "2023.02.20"]
[Round "6"]
[White "Perske, Paul"]
[Black "Dobrocmyslov, Artem"]
[Result "1/2-1/2"]
[WhiteElo "2076"]
[BlackElo "2281"]
[PlyCount "67"]
[EventDate "2023.02.17"]
[EventType "swiss"]
[EventRounds "9"]
[EventCountry "GER"]
[SourceTitle "CBM 212 Extra"]
[Source "ChessBase"]
[SourceDate "2023.03.31"]
[SourceVersion "1"]
[SourceVersionDate "2023.03.31"]
[SourceQuality "1"]

1. e4 e6 2. d4 d5 3. Nd2 Nc6 4. Ngf3 Nf6 5. e5 Nd7 6. Be2 Be7 7. Nf1 0-0 8. Ne3 f6 9. exf6 Nxf6 10. 0-0 b6 11. c3 Bb7 12. Re1 Bd6 13. Bb5 a6 14. Ba4 Kh8 15. Ng5 Qd7 16. Ng4 h6 17. Ne5 Bxe5 18. dxe5 hxg5 19. exf6 gxf6 20. Qh5+ Qh7 21. Qxh7+ Kxh7 22. Rxe6 Rfe8 23. Rxe8 Rxe8 24. Be3 Re7 25. Bc2+ Kg7 26. h3 Ne5 27. b3 a5 28. Rd1 c5 29. Bf5 Bc6 30. Kf1 Nf7 31. Bg4 Nd6 32. Bf3 Ne4 33. Bxe4 Rxe4 34. Re1 1/2-1/2

[Event "Baden-Baden Autumn op"]
[Site "Baden-Baden"]
[Date "2022.11.05"]
[Round "5"]
[White "Dobrocmyslov, Artem"]
[Black "Weis, Olga"]
[Result "1-0"]
[WhiteElo "2273"]
[BlackElo "2021"]
[PlyCount "65"]
[EventDate "2022.11.03"]
[EventType "swiss"]
[EventRounds "7"]
[EventCountry "GER"]
[SourceTitle "EXT 2024"]
[Source "ChessBase"]
[SourceDate "2023.10.10"]
[SourceVersion "1"]
[SourceVersionDate "2023.10.10"]
[SourceQuality "1"]

1. e4 e5 2. Nf3 Nc6 3. Bb5 a6 4. Ba4 Nf6 5. 0-0 d6 6. Bxc6+ bxc6 7. d4 exd4 8. Nxd4 Bd7 9. Qf3 Be7 10. Nc3 0-0 11. Re1 Re8 12. Bg5 Qc8 13. e5 Ng4 14. e6 Bxe6 15. Nxe6 Ne5 16. Rxe5 dxe5 17. Bxe7 Qxe6 18. Ba3 Rad8 19. Qe2 a5 20. Ne4 Rd4 21. c3 Rd5 22. c4 Rd4 23. b3 Qg6 24. f3 f5 25. Nf2 e4 26. fxe4 fxe4 27. Bc5 Rd7 28. Re1 Re5 29. Be3 Rde7 30. Rd1 Qe8 31. Qg4 R7e6 32. Qh4 Rf6 33. Ng4 1-0

[Event "Paris Universities-ch"]
[Site "Paris"]
[Date "2019.02.03"]
[Round "9"]
[White "Dobrocmyslov, Artem"]
[Black "Viers, Emmanuel"]
[Result "1-0"]
[WhiteElo "2262"]
[BlackElo "2199"]
[PlyCount "61"]
[EventDate "2019.02.01"]
[EventType "swiss"]
[EventRounds "9"]
[EventCountry "FRA"]
[SourceTitle "CBM 188 Extra"]
[Source "ChessBase"]
[SourceDate "2019.02.26"]
[SourceVersion "1"]
[SourceVersionDate "2019.02.26"]
[SourceQuality "1"]

1. d4 d5 2. Nf3 e6 3. c4 c6 4. Qc2 Nf6 5. cxd5 exd5 6. Nc3 Be7 7. Bf4 Nbd7 8. e3 Nf8 9. h3 Ne6 10. Bh2 b6 11. Bd3 0-0 12. 0-0 Re8 13. Rab1 Bd6 14. Ne5 Bb7 15. b4 h6 16. f4 Qe7 17. a3 c5 18. bxc5 bxc5 19. Nb5 Bb8 20. Bf5 a6 21. Bxe6 fxe6 22. Nc3 Ba7 23. Ng6 Qd7 24. Ne5 Qc7 25. Ne2 Rac8 26. Qg6 a5 27. f5 Ba6 28. Ng4 Qe7 29. Nxh6+ Kf8 30. Bd6 Bxe2 31. Qf7# 1-0

[Event "Nezhmetdinov Memorial 39th"]
[Site "Kazan"]
[Date "2017.06.08"]
[Round "9"]
[White "Dobrocmyslov, Artem"]
[Black "Gabitov, Bulat"]
[Result "1-0"]
[WhiteElo "2178"]
[BlackElo "1795"]
[PlyCount "75"]
[EventDate "2017.05.31"]
[EventType "swiss"]
[EventRounds "9"]
[EventCountry "RUS"]
[SourceTitle "EXT 2018"]
[Source "ChessBase"]
[SourceDate "2017.10.13"]
[SourceVersion "1"]
[SourceVersionDate "2017.10.13"]
[SourceQuality "1"]

1. d4 Nf6 2. c4 g6 3. Nc3 Bg7 4. e4 d6 5. h3 0-0 6. Nf3 Qe8 7. Be2 e5 8. d5 Nh5 9. g3 f5 10. exf5 gxf5 11. Nh4 Nf6 12. Qc2 e4 13. Be3 Nfd7 14. Ng2 Ne5 15. Nf4 Bd7 16. 0-0-0 Na6 17. g4 Nb4 18. Qb3 Ned3+ 19. Bxd3 Nxd3+ 20. Nxd3 exd3 21. Rxd3 fxg4 22. hxg4 Bxg4 23. Rg1 Bf5 24. Bd4 Bg6 25. Bxg7 Kxg7 26. Nb5 Qf7 27. Rg2 Rae8 28. Qc3+ Kg8 29. Nd4 Qf4+ 30. Re3 Qh6 31. Kd2 Qh1 32. Nf5 Re5 33. Ne7+ Kf7 34. Nxg6 Rxe3 35. Nh8+ Ke8 36. Qxe3+ Kd8 37. Nf7+ Kc8 38. Qe7 1-0

[Event "Nezhmetdinov Memorial 39th"]
[Site "Kazan"]
[Date "2017.06.07"]
[Round "8"]
[White "Yagupov, Igor"]
[Black "Dobrocmyslov, Artem"]
[Result "1-0"]
[WhiteElo "2396"]
[BlackElo "2178"]
[PlyCount "57"]
[EventDate "2017.05.31"]
[EventType "swiss"]
[EventRounds "9"]
[EventCountry "RUS"]
[SourceTitle "EXT 2018"]
[Source "ChessBase"]
[SourceDate "2017.10.13"]
[SourceVersion "1"]
[SourceVersionDate "2017.10.13"]
[SourceQuality "1"]

1. e4 c5 2. Nf3 Nc6 3. d4 cxd4 4. Nxd4 e5 5. Nb5 d6 6. c4 Be7 7. Bd3 Nf6 8. 0-0 Bg4 9. f3 Be6 10. Be3 0-0 11. N1c3 a6 12. Na3 Rc8 13. Qd2 Nd7 14. Rfd1 h6 15. Bf1 Nd4 16. Kh1 Bg5 17. f4 Bh4 18. f5 Bxf5 19. exf5 Nxf5 20. Ne4 Nf6 21. Nxf6+ Qxf6 22. Bd3 e4 23. Bxe4 Nxe3 24. Qxe3 Rfe8 25. Qf3 Qxb2 26. Rab1 Qxa2 27. Rxb7 Bf6 28. Qf5 Kf8 29. Qh7 1-0

[Event "Moscow op-A 13th"]
[Site "Moscow"]
[Date "2017.02.05"]
[Round "9"]
[White "Dobrocmyslov, Artem"]
[Black "Klimentov, Roman"]
[Result "1/2-1/2"]
[WhiteElo "2125"]
[BlackElo "2238"]
[PlyCount "107"]
[EventDate "2017.01.28"]
[EventType "swiss"]
[EventRounds "9"]
[EventCountry "RUS"]
[SourceTitle "EXT 2018"]
[Source "ChessBase"]
[SourceDate "2017.10.13"]
[SourceVersion "1"]
[SourceVersionDate "2017.10.13"]
[SourceQuality "1"]

1. d4 Nf6 2. c4 g6 3. Nc3 Bg7 4. e4 d6 5. Nf3 0-0 6. h3 e5 7. d5 a5 8. g4 Na6 9. Be3 Nd7 10. a3 Nac5 11. Nd2 Bf6 12. Nf3 a4 13. g5 Bg7 14. Nd2 f5 15. h4 Na6 16. f3 fxe4 17. Ncxe4 Ndc5 18. h5 Rf7 19. Qe2 Bf5 20. Bh3 Bxh3 21. Rxh3 Qd7 22. Rh4 c6 23. 0-0-0 cxd5 24. cxd5 Nxe4 25. Nxe4 Rc8+ 26. Kb1 Qf5 27. Ka2 Qxf3 28. Qxf3 Rxf3 29. Nxd6 Rc2 30. Rc4 Rxc4 31. Nxc4 Nb8 32. Ba7 Nd7 33. Nb6 Rf7 34. Nxa4 gxh5 35. Nc3 Rf4 36. d6 Kf7 37. Nd5 Rf3 38. b4 e4 39. a4 Be5 40. Bc5 h4 41. Nb6 Ke6 42. Nxd7 Kxd7 43. Re1 e3 44. Bxe3 Bc3 45. Re2 Bxb4 46. Rb2 Bxd6 47. Rxb7+ Ke6 48. Rxh7 Rxe3 49. Rxh4 Kf5 50. Rd4 Be5 51. Rc4 Re1 52. Kb3 Rb1+ 53. Kc2 Rb2+ 54. Kd3 1/2-1/2

[Event "Moscow op-A 13th"]
[Site "Moscow"]
[Date "2017.02.03"]
[Round "7"]
[White "Dobrocmyslov, Artem"]
[Black "Babarykin, Stanislav"]
[Result "0-1"]
[WhiteElo "2125"]
[BlackElo "2331"]
[PlyCount "66"]
[EventDate "2017.01.28"]
[EventType "swiss"]
[EventRounds "9"]
[EventCountry "RUS"]
[SourceTitle "EXT 2018"]
[Source "ChessBase"]
[SourceDate "2017.10.13"]
[SourceVersion "1"]
[SourceVersionDate "2017.10.13"]
[SourceQuality "1"]

1. Nf3 f5 2. d3 d6 3. e4 e5 4. Nc3 c5 5. g3 Nc6 6. Nh4 fxe4 7. dxe4 Be6 8. Bg2 Nf6 9. 0-0 Be7 10. Nf5 0-0 11. Ne3 Nd4 12. Ncd5 Nxd5 13. Nxd5 Bxd5 14. exd5 Bg5 15. c3 Bxc1 16. Rxc1 Nf5 17. Qd3 Qg5 18. Be4 Rf6 19. Bxf5 Rxf5 20. Qe3 Qf6 21. b4 Rf3 22. Qe2 b6 23. bxc5 bxc5 24. c4 Rf8 25. Rb1 Qf5 26. Rb3 h5 27. Rxf3 Qxf3 28. Qc2 h4 29. Qg6 Rf6 30. Qe8+ Kh7 31. Qd7 Rf5 32. Qe7 h3 33. Qh4+ Rh5 0-1

[Event "Uljanovsk Sidorov Memorial"]
[Site "Uljanovsk"]
[Date "2015.07.11"]
[Round "7"]
[White "Peruhin, Anatoliy"]
[Black "Dobrocmyslov, Artem"]
[Result "0-1"]
[WhiteElo "1665"]
[BlackElo "2077"]
[PlyCount "76"]
[EventDate "2015.07.07"]
[EventType "swiss"]
[EventRounds "9"]
[EventCountry "RUS"]
[SourceTitle "EXT 2016"]
[Source "ChessBase"]
[SourceDate "2015.10.08"]
[SourceVersion "1"]
[SourceVersionDate "2015.10.08"]
[SourceQuality "1"]

1. Nf3 c5 2. c4 Nc6 3. b3 Nf6 4. Bb2 d6 5. g3 e5 6. d3 g6 7. Bg2 Bg7 8. Nc3 0-0 9. 0-0 a6 10. a4 h6 11. Nd2 Rb8 12. Nd5 Ne7 13. Bc3 Nfxd5 14. cxd5 b5 15. axb5 axb5 16. Qc2 Bb7 17. e4 Qd7 18. Ra7 g5 19. Rfa1 f5 20. Bh3 g4 21. Bg2 f4 22. gxf4 Rxf4 23. Nf1 h5 24. Bd2 Ng6 25. Ng3 h4 26. Nh5 Rf7 27. Nxg7 Kxg7 28. Be3 Rbf8 29. Qd2 Nf4 30. Bf1 Kh8 31. b4 Nh3+ 32. Bxh3 gxh3 33. bxc5 Qg4+ 34. Kf1 Qg2+ 35. Ke1 Qg1+ 36. Ke2 Rxf2+ 37. Bxf2 Rxf2+ 38. Ke3 Rf1+ 0-1